000 00530nam a2200157Ia 4500
008 240126s9999 xx 000 0 und d
022 _a0974-6277
041 _aEnglish
082 _aLIBRARY-XXI
245 0 _aInternational Journal of Applied Computing (IJAC) (2012 -
260 _bInternational Science Press
_aHaryana
440 _aNULL
650 _aComputer Science, Information Science, Computer Application
650 _aComputing,(IJAC),(2012,-,Computer Science,Information Science,Computer Application
942 _cJN
999 _c272357
_d272357